| 000 | 00571nam a2200169 4500 | ||
|---|---|---|---|
| 999 |
_c12550 _d12550 |
||
| 008 | 240219b ||||| |||| 00| 0 eng d | ||
| 040 | _aBMS College of Architecture | ||
| 100 | _aAdviti Damodar | ||
| 245 | _aMarine research and rehabilitation center proposed at galgibaga,GOA | ||
| 300 | _a82p, | ||
| 500 | _a1CF19AT003 | ||
| 502 |
_8B,Arch _NBMS College of Architecture, Visvesvaraya Technological University (VTU) _aProject report _d2023 |
||
| 650 | _aRehabilitation center | ||
| 700 |
_aDakshayini R Patil _eGuide |
||
| 710 | _aSubodh Khandekar | ||
| 942 | _2ddc | ||